000 00903nas a2200301 4500
001 BR9903787
003 BR-BrBNA
005 20231205101518.0
007 ta
008 230509b bl.|||p| |||| 00| 00por d
040 _aBR-BrBNA
_bpor
_cBiblioteca Nacional de Agricultura
041 _a(Pt)
072 _aL73
100 1 _aAlves, P.A.B.
100 1 _aRosa, I.C.A.
100 1 _aModena, C.M.
100 1 _aCaetano Junior, J.
245 1 _aOcorrencia de gastroenterite hemorragica canina em Belo Horizonte
650 _aCao
650 _aGastrenterite
650 _aAparelho Digestivo
650 _aAnalise de Laboratorio
650 _aDiagnostico
650 _aMinas Gerais
773 0 _tArquivo Brasileiro de Medicina Veterinaria e Zootecnia (Brazil)
_xISSN 0102-0935
_g(Dec 1998), v. 50(6) p. 661-664
_wBR9903787
909 _a202311
_bLúcia
_c55
_dLúcia Elande
942 _2AGRIS
_n0
_cANA
999 _c162270
_d162270